Аналитические обзоры по основным направлениям развития высшего образования. 2011, вып. 6: Кадровые стратегии российских вузов-лидеров: планы и реализация (Запись № 2156079)

Подробности
000 -МАРКЕР
контрольное поле 01748nam2a22003371 4500
001 - ИДЕНТИФИКАТОР ЗАПИСИ
контрольное поле RU\NLR\Per\808693
005 - ИДЕНТИФИКАТОР ВЕРСИИ
контрольное поле 20260405163708.0
035 ## - ДРУГИЕ СИСТЕМНЫЕ НОМЕРА
Идентификатор записи (NLR Aleph) 003053051
100 ## - ДАННЫЕ ОБЩЕЙ ОБРАБОТКИ
Данные общей обработки 20111026d2011 |||y0rusy50 ca
101 0# - ЯЗЫК РЕСУРСА
Язык текста, звукозаписи и т.д. русский
102 ## - СТРАНА ПУБЛИКАЦИИ ИЛИ ПРОИЗВОДСТВА
Страна публикации Российская Федерация
105 ## - ПОЛЕ КОДИРОВАННЫХ ДАННЫХ: ТЕКСТОВЫЕ МАТЕРИАЛЫ, МОНОГРАФИЧЕСКИЕ
Кодированные данные о монографическом текстовом документе y |||||||||
200 1# - ЗАГЛАВИЕ И СВЕДЕНИЯ ОБ ОТВЕТСТВЕННОСТИ
Основное заглавие Кадровые стратегии российских вузов-лидеров: планы и реализация
Первые сведения об ответственности [Инна Борисовна Назарова, д.э.н.]
210 ## - ПУБЛИКАЦИЯ, РАСПРОСТРАНЕНИЕ И ДР.
Дата издания, распространения и т.д. 2011
Место издания, распространения и т.д. Б. м.
215 ## - ФИЗИЧЕСКАЯ ХАРАКТЕРИСТИКА
Специфическое обозначение материала и объем 80 с.
Размеры 20
225 1# - СЕРИЯ
Основное заглавие серии Экономика высшей школы
ISSN серии 0235-6937
300 ## - ОБЩИЕ ПРИМЕЧАНИЯ
Текст примечания Авт. указан в вып. дан.
320 ## - ПРИМЕЧАНИЯ О НАЛИЧИИ В ДОКУМЕНТЕ БИБЛИОГРАФИИ / УКАЗАТЕЛЯ
Текст примечания Библиогр.: с. 79 (5 назв.) и в подстроч. примеч.
461 #0 - УРОВЕНЬ НАБОРА
Встроенное поле 001RU\NLR\INFOCOMM15\1000028526
-- 2001#$aАналитические обзоры по основным направлениям развития высшего образования$fНИИ высш. образования$v2011, вып. 6
Системный номер (АБИС) связанной записи 3048338
Место публикации М.
Дата публикации 1996 -
Первые сведения об ответственности НИИ высш. образования
Имя издателя, распространителя и т.д. НИИВО
Заглавие Аналитические обзоры по основным направлениям развития высшего образования
Номер тома 2011, вып. 6
606 1# - НАИМЕНОВАНИЕ ТЕМЫ КАК ПРЕДМЕТ
Наименование темы Высшие учебные заведения
Тематический подзаголовок Кадровая работа
Системный номер авторитетной/нормативной записи 2299060
Идентификатор авторитетной/нормативной записи RU\NLR\AUTH\661376546
686 1# - ИНДЕКСЫ ДРУГИХ КЛАССИФИКАЦИЙ
Индекс Ч48п
700 #1 - ИМЯ ЛИЦА - ПЕРВИЧНАЯ ОТВЕТСТВЕННОСТЬ
Материалы, к которым относится поле rus
Графика поля Кириллица
Начальный элемент ввода Назарова
Часть имени, кроме начального элемента ввода И. Б.
Дополнения к именам, кроме дат социолог
Расширение инициалов личного имени Инна Борисовна
Идентификатор авторитетной/нормативной записи RU\NLR\AUTH\7769790
Системный номер авторитетной/нормативной записи 52718
801 #1 - ИСТОЧНИК ЗАПИСИ
Страна Российская Федерация
Организация InfoComm
Дата составления 20050914
801 #0 - ИСТОЧНИК ЗАПИСИ
Страна Российская Федерация
Организация NLR
Правила каталогизации PSBO
801 #2 - ИСТОЧНИК ЗАПИСИ
Страна Российская Федерация
Организация NLR
Дата составления 20080530
Источник данных rusmarc
852 ## - МЕСТОНАХОЖДЕНИЕ И ШИФР ХРАНЕНИЯ
Идентификатор организации NLR
Шифр хранения (Call Number) П28/1716
942 ## - ДОПОЛНИТЕЛЬНЫЕ ЭЛЕМЕНТЫ ЗАПИСИ (АБИС)
Тип экземпляра АБИС Выпуск
980 ## - КОЛЛЕКЦИЯ
Название коллекции Национальная библиография
980 ## - КОЛЛЕКЦИЯ
Название коллекции Русская периодика

Нет доступных экземпляров.